Artes de México (Registro nro. 10758)
[ vista simple ]
| 000 -Sello discográfico | |
|---|---|
| campo de control de longitud fija | 01217nam a2200397 4500 |
| 005 - Identificación de versión | |
| campo de control | 20251017062839.0 |
| 010 ## - Número Estándar Internacional de Libros (ISBN) | |
| Número (ISBN) | 970-683-066-9 |
| 035 ## - Otros números de control del sistema | |
| Número de control del sistema | 12986 |
| 099 ## - fechas locales | |
| Tipo de ítem Koha | LIBRO |
| 100 ## - Datos de procesamiento general | |
| Datos de procesamiento general | 20040217d2003 m y1spay5003 ba |
| 200 1# - Título y mención de responsabilidad | |
| Título propio | Artes de México |
| Designación general del material | texto impreso |
| Otra información del título | México en el Surrealismo : Los visitantes fugaces |
| Primer mención de responsabilidad | Alberto Ruy Sánchez, Octavio Paz, Lourdes Andrade |
| 210 ## - Publicación, distribución, etc. | |
| Lugar de publicación, distribución, etc. | México |
| Nombre del editor, distribuidor, etc. | Artes de México |
| Fecha de publicación, distribución, etc. | 2003 |
| 215 ## - Descripción física | |
| Designación de material específico y extensión del ítem | 80 p |
| Otras características físicas | il. |
| Dimensiones | 33 cm |
| 300 ## - Notas generales | |
| Texto de la nota | Textos en español e inglés |
| 318 ## - Nota de acción | |
| Acción | No se presta a domicilio |
| 345 ## - Nota de información de adquisición | |
| Fuente de adquisición/dirección de la suscripción [OBSOLETO] | Donación |
| 410 #1 - Series | |
| Título | Artes de México |
| Número de la sección o parte | Nueva época |
| Número Internacional Normalizado para Publicaciones Seriadas | 0300-4953 |
| Número de volumen | 63 |
| 606 ## - Término temático usado como materia | |
| Elemento de entrada | Arte |
| Subdivisión temática | Publicaciones periódicas |
| Subdivisión geográfica | México |
| Número Koha | 52 |
| 606 ## - Término temático usado como materia | |
| Elemento de entrada | Surrealismo |
| Subdivisión geográfica | México |
| Número Koha | 11011 |
| 660 ## - Código de área geográfica | |
| Código | MX |
| 676 ## - Clasificación Decimal Dewey | |
| Número | R702 A78 v.63 |
| 700 ## - Nombre personal - Responsabilidad primaria | |
| Elemento de entrada | Ruy Sánchez Lacy |
| Parte del nombre distinta del elemento de entrada | Alberto |
| Fechas | 1951- |
| Número Koha | 54 |
| 701 ## - Nombre personal - Responsabilidad alternativa | |
| Elemento de entrada | Andrade Vilchis |
| Parte del nombre distinta del elemento de entrada | Lourdes |
| Fechas | 1952-2002 |
| Número Koha | 10882 |
| 701 ## - Nombre personal - Responsabilidad alternativa | |
| Elemento de entrada | Paz Lozano |
| Parte del nombre distinta del elemento de entrada | Octavio Irineo |
| Fechas | 1914-1998 |
| Número Koha | 536 |
| 801 #0 - Fuente de origen | |
| Agencia | cm |
| 900 ## - | |
| -- | 1/6452 |
| 900 ## - | |
| -- | 7100418214\170204 |
| 942 ## - ELEMENTOS DE ENTRADA SECUNDARIOS (KOHA) | |
| Tipo de ítem Koha | Libro |
No hay ítems disponibles.